000 01545nam a22004217a 4500
001 000105715
003 CHAP
005 20250926062751.0
008 110922s2010 mx r 00010 spa d
010 _a102177
011 _a103149
035 _a113838
040 _cCHAP
090 _aTesis
100 1 _aEvangelista Hernández, Abel.
_938918
245 1 0 _aRendimiento y algunas características forrajeras del pasto mombasa (Panicum maximum cv. Mombasa) /
_c/por Abel Evangelista Hernández.
260 _aCocula, Gro. :
_bEl autor,
_c2010.
300 _aiv, 40 h. :
_bilus.
502 _aTesis (Ing. Agr. Zootecnista) -- CSAEGRO. Centro de Estudios Profesionales
590 _aALEPH
_b10
_c20130110
_lUCH01
_h1542
590 _aBATCH-UPD
_b10
_c20130110
_lUCH01
_h0845
590 _aBATCH-UPD
_b10
_c20130410
_lUCH01
_h0519
590 _aBATCH-UPD
_b10
_c20130914
_lUCH01
_h1206
590 _aBATCH-UPD
_b10
_c20140324
_lUCH01
_h1528
590 _aBATCH-UPD
_b10
_c20141002
_lUCH01
_h0851
590 _aCONVERSION
_b10
_c20130109
_lUCH01
_h1356
590 _aE11695DGD
_b10
_c20150721
_lUCH01
_h0959
590 _aE12093SGE
_b10
_c20130718
_lUCH01
_h1028
650 1 4 _aDiseños experimentales.
_932735
650 1 4 _aPanicum maximum.
_985105
650 1 7 _aPastos forrajeros
_xRendimiento
_2
_986118
650 1 4 _aPastos
_xGuerrero.
_986045
856 _3Finding aid
_uhttp://10.13.5.2/tesis/113838.pdf
_zTeclea aquí
901 _aBK
942 _cTESIS
942 _n0
949 _aTesis
_bBC
_cTES
_d33724002302637
_eTS1
_gDonaciØn
_h52806
_i113838
_sb
999 _c102177
_d102177